Upgrading and repairing networks (Record no. 41377)

MARC details
000 -LEADER
fixed length control field 00317nam a2200121Ia 4500
082 ## - DEWEY DECIMAL CLASSIFICATION NUMBER
Classification number 681.31NET
Item number ZAC
100 ## - MAIN ENTRY--AUTHOR NAME
Personal name Doyle, Paul
245 #0 - TITLE STATEMENT
Title Upgrading and repairing networks
260 ## - PUBLICATION, DISTRIBUTION, ETC. (IMPRINT)
Place of publication Indianapolis
Name of publisher Que Corpration
Year of publication 1996
700 ## - ADDED ENTRY--PERSONAL NAME
Personal name Zacker, Craig
942 ## - ADDED ENTRY ELEMENTS (KOHA)
Koha item type Books
Holdings
Withdrawn status Lost status Damaged status Not for loan Home library Current library Date acquired Cost, normal purchase price Full call number Accession Number Koha item type
        RRII Library RRII Library 16/12/2021 59.99 681.31NET ZAC 21664 Books